[Event "IRI-ch sf"]
[Site "Rasht"]
[Date "2015.12.14"]
[Round "3"]
[White "Omidi, Arya"]
[Black "Tamaddon, Ehsan"]
[Result "1-0"]
[WhiteElo "2236"]
[BlackElo "1931"]
[PlyCount "93"]
[EventDate "2015.12.13"]
[EventType "swiss"]
[EventRounds "9"]
[EventCountry "IRI"]
[SourceTitle "EXT 2017"]
[Source "ChessBase"]
[SourceDate "2016.10.25"]
[SourceVersion "1"]
[SourceVersionDate "2016.10.25"]
[SourceQuality "1"]

1. e4 c5 2. Nf3 d6 3. Bb5+ Bd7 4. Bxd7+ Nxd7 5. 0-0 Ngf6 6. Qe2 e5 7. c3 Be7 8. d4 cxd4 9. cxd4 0-0 10. Nc3 Re8 11. Rd1 Qa5 12. dxe5 Nxe5 13. Nd4 Bf8 14. Nb3 Qa6 15. Qxa6 bxa6 16. Bg5 Nfd7 17. f3 Nc4 18. Nd5 Rac8 19. Rab1 Ndb6 20. Nxb6 axb6 21. Nd2 Ne5 22. Be3 Rc2 23. Nf1 Rec8 24. Bxb6 Nc4 25. Bd4 g6 26. Rbc1 Ne5 27. Rxc2 Rxc2 28. Ne3 Rc6 29. Bc3 Bh6 30. Nd5 Kf8 31. Kf2 Nc4 32. Kg3 Ne3 33. Nxe3 Bxe3 34. f4 Bb6 35. Rxd6 Rxd6 36. Bb4 Ke7 37. e5 Bc7 38. Kf3 f6 39. exd6+ Bxd6 40. Bxd6+ Kxd6 41. Ke4 Kc5 42. Kd3 f5 43. Kc3 h6 44. b4+ Kd5 45. Kd3 g5 46. g3 g4 47. a3 1-0